000 01342cam a2200265 4500
005 20260322212048.0
008 data
010 _a 75178136
020 _a0139838414
020 _a9780139838415
040 _aDLC
_cDLC
_dDLC
050 0 0 _aSH441
_b.G615 1972
082 0 0 _a799.1/2
092 _a799.1 G615 1972
245 0 0 _aZane Grey: outdoorsman;
_bZane Grey's best hunting and fishing tales published in commemoration of his centennial year.
_cedited by Zane Grey.
260 _aEnglewood Cliffs, N.J.,
_bPrentice-Hall
_c[1972]
300 _axiii, 349 p.
_billus.
_c26 cm.
350 _a{dollar}9.95
505 0 _aThe lord of Lackawaxen Creek.--Fighting qualities of black bass--1907.--Roping lions in the Grand Canyon.--Byme-by-tarpon.--Mast Hope Brook in June.--Nonnezoshe.--Tuna at Avalon.--A record fight with a swordfish.--Don, the story of a lion dog.--The great river of the Gulf.--The bonefish brigade.--Tonto Basin.--Fishing virgin waters.--The dreadnaught pool.--Colorado trails.--Tahiti waters--the latest anglers' El Dorado.--The first thousand-pounder.--The whale killers of Two Fold Bay.--The North Umpqua, Oregon.--A trout fisherman's inferno.
650 0 _aOutdoor life
_xFiction.
650 0 _aFishing stories, American.
650 0 _aHunting stories, American.
700 1 _aGrey, Zane,
_d1872-1939.
001 data
999 _c1137
_d1137